Joshua in the light of the New Testament : (Record no. 7366)
[ view plain ]
| 000 -LEADER | |
|---|---|
| fixed length control field | 01057cam a2200301 i 4500 |
| 001 - CONTROL NUMBER | |
| control field | 7177085 |
| 003 - CONTROL NUMBER IDENTIFIER | |
| control field | OCoLC |
| 005 - DATE AND TIME OF LATEST TRANSACTION | |
| control field | 20190208120311.0 |
| 008 - FIXED-LENGTH DATA ELEMENTS--GENERAL INFORMATION | |
| fixed length control field | 801120r19811950miuab 000 0 eng |
| 010 ## - LIBRARY OF CONGRESS CONTROL NUMBER | |
| LC control number | 80008074 |
| 020 ## - INTERNATIONAL STANDARD BOOK NUMBER | |
| International Standard Book Number | 0825437342 : |
| Terms of availability | $2.50 |
| 020 ## - INTERNATIONAL STANDARD BOOK NUMBER | |
| International Standard Book Number | 9780825437342 |
| 035 ## - SYSTEM CONTROL NUMBER | |
| System control number | (OCoLC)7177085 |
| 040 ## - CATALOGING SOURCE | |
| Original cataloging agency | DLC |
| Transcribing agency | DLC |
| Modifying agency | BTCTA |
| -- | OCLCG |
| 050 10 - LIBRARY OF CONGRESS CALL NUMBER | |
| Classification number | BS1295.2 |
| Item number | .S35 1981 |
| 082 00 - DEWEY DECIMAL CLASSIFICATION NUMBER | |
| Classification number | 222.2 |
| Edition number | 19 |
| Item number | S435J |
| 092 ## - LOCALLY ASSIGNED DEWEY CALL NUMBER (OCLC) | |
| Classification number | 222.2092 |
| Item number | J838s |
| 100 1# - MAIN ENTRY--PERSONAL NAME | |
| Personal name | Scroggie, W. Graham |
| Fuller form of name | (William Graham), |
| Dates associated with a name | 1877-1958. |
| 240 10 - UNIFORM TITLE | |
| Uniform title | Land and life of rest |
| 245 10 - TITLE STATEMENT | |
| Title | Joshua in the light of the New Testament : |
| Remainder of title | Canaan and the heavenlies / |
| Statement of responsibility, etc. | by W. Graham Scroggie. |
| 260 ## - PUBLICATION, DISTRIBUTION, ETC. | |
| Place of publication, distribution, etc. | Grand Rapids, Mich. : |
| Name of publisher, distributor, etc. | Kregel Publications, |
| Date of publication, distribution, etc. | [1981] |
| 300 ## - PHYSICAL DESCRIPTION | |
| Extent | 88 p. : |
| Other physical details | ill., map ; |
| Dimensions | 20 cm. |
| 500 ## - GENERAL NOTE | |
| General note | Reprint of the 1950 ed. published by Pickering & Inglis, London, under title: The land and life of rest. |
| 600 00 - SUBJECT ADDED ENTRY--PERSONAL NAME | |
| Personal name | Joshua |
| Titles and other words associated with a name | (Biblical figure) |
| 630 00 - SUBJECT ADDED ENTRY--UNIFORM TITLE | |
| Uniform title | Bible. |
| Name of part/section of a work | O.T. |
| -- | Joshua |
| General subdivision | Criticism, interpretation, etc. |
| 650 #0 - SUBJECT ADDED ENTRY--TOPICAL TERM | |
| Topical term or geographic name entry element | Christian life. |
| 942 ## - ADDED ENTRY ELEMENTS (KOHA) | |
| Source of classification or shelving scheme | Dewey Decimal Classification |
| Koha item type | Books |
| Withdrawn status | Lost status | Source of classification or shelving scheme | Damaged status | Not for loan | Collection code | Home library | Current library | Shelving location | Date acquired | Cost, normal purchase price | Total Checkouts | Full call number | Barcode | Date last seen | Price effective from | Koha item type |
|---|---|---|---|---|---|---|---|---|---|---|---|---|---|---|---|---|
| Dewey Decimal Classification | Non-fiction | Harvest Mission College | Harvest Mission College | General Stacks | 08.02.2019 | 650.00 | 222.2 S435J | 008379 | 08.02.2019 | 08.02.2019 | Books |
